[Event "ROM-ch U12"]
[Site "Calimanesti"]
[Date "2018.03.29"]
[Round "4"]
[White "Berechet, Eduard Mihai"]
[Black "Udrea, Hristofor"]
[Result "1-0"]
[WhiteElo "1334"]
[BlackElo "1124"]
[PlyCount "133"]
[EventDate "2018.03.27"]
[EventType "swiss"]
[EventRounds "9"]
[EventCountry "ROU"]
[SourceTitle "CBM 183 Extra"]
[Source "ChessBase"]
[SourceDate "2018.04.19"]
[SourceVersion "1"]
[SourceVersionDate "2018.04.19"]
[SourceQuality "1"]

1. d4 d5 2. c4 c6 3. Nc3 Nf6 4. Nf3 Bf5 5. Bg5 Nbd7 6. e3 e6 7. cxd5 cxd5 8. Bd3 Bxd3 9. Qxd3 Be7 10. 0-0 0-0 11. Rac1 Rc8 12. e4 Nxe4 13. Bxe7 Qxe7 14. Nxe4 dxe4 15. Qxe4 Nf6 16. Qd3 Qb4 17. b3 Qa3 18. Rc2 h6 19. h3 Nd5 20. Qd2 Nb4 21. Rc4 Rxc4 22. bxc4 Nxa2 23. Ra1 Qc3 24. Rxa2 Qxd2 25. Rxd2 Rc8 26. c5 b6 27. cxb6 axb6 28. Ne5 Rb8 29. d5 exd5 30. Rxd5 b5 31. Nd7 Rb7 32. Nc5 Rb6 33. Nb3 Kf8 34. f3 Ke7 35. Kf2 Ke6 36. Rd3 b4 37. Re3+ Kd5 38. Re4 f5 39. Rd4+ Ke5 40. f4+ Ke6 41. Nc5+ Kf7 42. Nb3 Rb7 43. g4 g6 44. gxf5 gxf5 45. Rd5 Ke6 46. Rd4 Rc7 47. Rxb4 Rc2+ 48. Ke3 Rh2 49. Kd4 Rxh3 50. Rb6+ Kf7 51. Ke5 Rg3 52. Kxf5 Rg7 53. Rb7+ Kf8 54. Rxg7 Kxg7 55. Nd4 h5 56. Nf3 Kh6 57. Nh4 Kh7 58. Kg5 Kg7 59. Kxh5 Kf6 60. f5 Kf7 61. Kg5 Kg7 62. f6+ Kf7 63. Ng2 Kf8 64. Kg6 Kg8 65. f7+ Kf8 66. Nf4 Ke7 67. Kg7 1-0